[Event "World op"]
[Site "Philadelphia USA"]
[Date "2023.07.02"]
[Round "5"]
[White "Zhang, Yuanchen"]
[Black "Adu, Oladapo"]
[Result "1/2-1/2"]
[WhiteElo "2293"]
[BlackElo "2071"]
[PlyCount "92"]
[GameId "2130307558689962"]
[EventDate "2023.06.30"]
[EventType "swiss"]
[EventRounds "9"]
[EventCountry "USA"]
[SourceTitle "10 Days #728"]
[Source "ChessMix "]
[SourceDate "2023.07.10"]
[SourceVersion "1"]
[SourceVersionDate "2023.07.10"]
[SourceQuality "1"]

1. e4 c5 2. Nf3 e6 3. d4 cxd4 4. Nxd4 a6 5. Bd3 Bc5 6. Nb3 Ba7 7. Qe2 Ne7 8. Be3 Nbc6 9. O-O O-O 10. Bxa7 Rxa7 11. N1d2 Nb4 12. e5 Nxd3 13. Qxd3 Qc7 14. Nc4 b5 15. Nd6 Bb7 16. Qe3 Ba8 17. Nd4 Nd5 18. Qg3 Qc5 19. Rad1 f6 20. Rfe1 Ne7 21. exf6 Rxf6 22. Qe5 Qxe5 23. Rxe5 Nc6 24. Nxc6 Bxc6 25. f3 Rf8 26. Rc5 Raa8 27. Kf2 Rf6 28. Rd4 Kf8 29. h4 Ke7 30. a3 Rff8 31. Rg5 Bd5 32. Ne4 Bxe4 33. Rxe4 g6 34. Ke3 Rac8 35. c3 Rf5 36. f4 Kf6 37. g4 Rfc5 38. Rd4 Ke7 39. Rd1 d6 40. h5 Rxg5 41. fxg5 Rc5 42. Kf4 Rc4+ 43. Kf3 Rc5 44. hxg6 hxg6 45. Kf4 Rc4+ 46. Kf3 Rc5 1/2-1/2

[Event "Philadelphia int."]
[Site "Philadelphia USA"]
[Date "2023.06.25"]
[Round "4"]
[White "Zhang, Yuanchen"]
[Black "Paragua, Mark"]
[Result "0-1"]
[WhiteElo "2293"]
[BlackElo "2447"]
[PlyCount "116"]
[GameId "2130307558853173"]
[EventDate "2023.06.24"]
[EventType "swiss"]
[EventRounds "9"]
[EventCountry "USA"]
[SourceTitle "10 Days #728"]
[Source "ChessMix "]
[SourceDate "2023.07.10"]
[SourceVersion "1"]
[SourceVersionDate "2023.07.10"]
[SourceQuality "1"]

1. e4 c6 2. Nf3 d5 3. Nc3 Bg4 4. h3 Bxf3 5. Qxf3 e6 6. Be2 Bc5 7. O-O Nd7 8. Qg3 Bd4 9. Bd1 Ne7 10. Ne2 Bb6 11. d3 O-O 12. c3 e5 13. Bh6 Ng6 14. Bg5 f6 15. Be3 f5 16. exf5 Rxf5 17. Bc2 Bc7 18. Qg4 Rf7 19. d4 e4 20. f4 Nf6 21. Qg5 Ne7 22. f5 h6 23. Qh4 Qd6 24. Bf4 Qd7 25. Bxc7 Qxc7 26. g4 Nh7 27. Qg3 Qxg3+ 28. Nxg3 Raf8 29. Kg2 Ng5 30. h4 Nf3 31. h5 Nc8 32. Rad1 Nd6 33. Bb3 b5 34. Ne2 a5 35. a3 a4 36. Ba2 Nc4 37. Bxc4 bxc4 38. Nc1 Rb8 39. Rf2 Rfb7 40. Na2 Rxb2 41. Nb4 Rb3 42. Nxc6 R8b5 43. Rc1 Rxa3 44. Ne5 Ng5 45. f6 Rb7 46. Rcf1 gxf6 47. Rxf6 Rxc3 48. Rxh6 Rb2+ 49. Rf2 a3 50. Rg6+ Kh7 51. Nd7 Rxf2+ 52. Kxf2 Rf3+ 53. Ke1 a2 54. Ra6 Rh3 55. Kf2 Rh1 56. Rg6 e3+ 57. Kg2 Rg1+ 58. Kh2 Rf1 0-1

[Event "Philadelphia int."]
[Site "Philadelphia USA"]
[Date "2023.06.27"]
[Round "7"]
[White "Zhang, Yuanchen"]
[Black "Shmeliov, Denis"]
[Result "0-1"]
[WhiteElo "2293"]
[BlackElo "2420"]
[PlyCount "86"]
[GameId "2130307558853233"]
[EventDate "2023.06.24"]
[EventType "swiss"]
[EventRounds "9"]
[EventCountry "USA"]
[SourceTitle "10 Days #728"]
[Source "ChessMix "]
[SourceDate "2023.07.10"]
[SourceVersion "1"]
[SourceVersionDate "2023.07.10"]
[SourceQuality "1"]

1. e4 c5 2. Nf3 d6 3. d4 cxd4 4. Nxd4 Nf6 5. Nc3 a6 6. h3 e5 7. Nde2 h5 8. g3 Be7 9. Bg2 b5 10. Nd5 Nbd7 11. Nxe7 Qxe7 12. Bg5 Bb7 13. Nc3 Rc8 14. O-O Qe6 15. a3 O-O 16. Re1 Rc4 17. Qe2 Rfc8 18. Rad1 b4 19. axb4 Rxb4 20. Bc1 Nc5 21. Nd5 Nxd5 22. exd5 Qg6 23. c3 Rb3 24. h4 a5 25. Qe3 Ba6 26. Bf1 Bxf1 27. Kxf1 Rcb8 28. Kg2 R8b7 29. Qe2 Qg4 30. Qxg4 hxg4 31. Be3 Na4 32. Ra1 Nxb2 33. Rxa5 Nc4 34. Ra8+ Kh7 35. Re2 Rxc3 36. Rd8 Rb5 37. Rd7 Kg6 38. h5+ Kf6 39. h6 gxh6 40. Bxh6 Rxd5 41. Ra2 Ra3 42. Rc2 Rd4 43. Bf8 Ra1 0-1

[Event "Chicago op"]
[Site "Wheeling USA"]
[Date "2023.05.29"]
[Round "8"]
[White "Zhang, Yuanchen"]
[Black "Nandhakumar, Vaseegaran"]
[Result "1/2-1/2"]
[WhiteElo "2306"]
[BlackElo "2008"]
[PlyCount "87"]
[GameId "2130307559950344"]
[EventDate "2023.05.25"]
[EventType "swiss"]
[EventRounds "9"]
[EventCountry "USA"]
[SourceTitle "10 Days #725"]
[Source "ChessMix"]
[SourceDate "2023.06.10"]
[SourceVersion "1"]
[SourceVersionDate "2023.06.10"]
[SourceQuality "1"]

1. e4 c5 2. Nf3 Nf6 3. Nc3 e6 4. d4 d5 5. exd5 Nxd5 6. Nxd5 Qxd5 7. Be3 cxd4 8. Qxd4 Qxd4 9. Nxd4 a6 10. Be2 e5 11. Nb3 Nc6 12. O-O-O Be7 13. Bf3 O-O 14. Bxc6 bxc6 15. Na5 Bf5 16. Nxc6 Bf6 17. Rd6 Rfe8 18. Rhd1 h6 19. f3 Rac8 20. c3 Re6 21. Rxe6 Bxe6 22. Rd6 Kh7 23. Na7 Ra8 24. Rxa6 Bc4 25. Rd6 Bg5 26. Bxg5 Rxa7 27. Be3 Rxa2 28. Kc2 f5 29. Rd7 Kg6 30. g3 Ra1 31. Bc1 Be2 32. f4 e4 33. Be3 Rh1 34. Bd4 Bd1+ 35. Kd2 Bb3 36. Rxg7+ Kh5 37. Ke3 Rxh2 38. g4+ fxg4 39. Kxe4 Rxb2 40. f5 Bc2+ 41. Kf4 Rb5 42. Be5 Rb1 43. f6 Rf1+ 44. Ke3 1/2-1/2

[Event "World op"]
[Site "Philadelphia USA"]
[Date "2022.07.02"]
[Round "4"]
[White "Antipov, Mikhail Al"]
[Black "Zhang, Yuanchen"]
[Result "1-0"]
[WhiteElo "2597"]
[BlackElo "2359"]
[PlyCount "67"]
[GameId "2130307574307595"]
[EventDate "2022.06.30"]
[EventType "swiss"]
[EventRounds "9"]
[EventCountry "USA"]
[SourceTitle "10 Days #692"]
[Source "ChessMix"]
[SourceDate "2022.07.10"]
[SourceVersion "1"]
[SourceVersionDate "2022.07.10"]
[SourceQuality "1"]

1. d4 Nf6 2. c4 e6 3. Nf3 d5 4. Nc3 Bb4 5. Qa4+ Nc6 6. e3 O-O 7. Bd2 dxc4 8. Bxc4 Bd6 9. Nb5 Ne4 10. Nxd6 cxd6 11. d5 Nxd2 12. Nxd2 Qa5 13. Qxa5 Nxa5 14. dxe6 fxe6 15. Bd3 Nc6 16. Rc1 Kf7 17. h4 h6 18. Rh3 Bd7 19. Nc4 Ke7 20. Rg3 Rf7 21. Bg6 Rf6 22. f4 Rff8 23. Bh5 Rg8 24. e4 b5 25. Ne3 Nb4 26. Kd2 Nxa2 27. Rf1 Nb4 28. f5 Rac8 29. Rxg7+ Rxg7 30. f6+ Kf8 31. fxg7+ Kg8 32. Ng4 Rc2+ 33. Kd1 Rxg2 34. Rf8+ 1-0

[Event "Philadelphia int."]
[Site "Philadelphia USA"]
[Date "2022.06.25"]
[Round "3.4"]
[White "Zhang, Yuanchen"]
[Black "Bellahcene, Bilel"]
[Result "0-1"]
[WhiteElo "2370"]
[BlackElo "2513"]
[PlyCount "146"]
[GameId "2130307574533295"]
[EventDate "2022.06.24"]
[EventType "swiss"]
[EventRounds "9"]
[EventCountry "USA"]
[SourceTitle "The Week in Chess 1442"]
[Source "Mark Crowther"]
[SourceDate "2022.06.27"]
[SourceVersion "2"]
[SourceVersionDate "2022.06.28"]
[SourceQuality "2"]

1. d4 Nf6 2. c4 e6 3. Nc3 Bb4 4. e3 b6 5. Bd2 Bb7 6. Nf3 Bxc3 7. Bxc3 Ne4 8. Bd3 Nxc3 9. bxc3 d6 10. O-O Nd7 11. Nd2 Qe7 12. f4 e5 13. Qc2 Nf6 14. fxe5 dxe5 15. Ne4 Nd7 16. c5 O-O 17. Rab1 Rab8 18. cxb6 axb6 19. Ng3 g6 20. Bc4 Kg7 21. e4 Nf6 22. Rbe1 Ne8 23. Rf5 f6 24. Rf2 Nd6 25. Bd3 Ra8 26. Nf1 Qe8 27. Ne3 Rf7 28. d5 Qa4 29. Qc1 Bc8 30. Nc2 Qxa2 31. Nb4 Qa5 32. Kh1 Qc5 33. Ref1 Bd7 34. Re2 Nb7 35. Na6 Qd6 36. Qe3 Rff8 37. Ref2 Nc5 38. Nb4 Ra3 39. Bc2 Bb5 40. Re1 Rfa8 41. h4 Nd7 42. Qh3 h5 43. Bd1 Rh8 44. Rf3 Nc5 45. Qg3 Bd7 46. Rfe3 Raa8 47. Kh2 Raf8 48. Rf1 Kh7 49. Be2 Rhg8 50. Bd1 Rf7 51. Kh1 Qf8 52. Qe1 Qh6 53. Nc6 Bxc6 54. dxc6 Rd8 55. Qg3 Rd6 56. Be2 Rxc6 57. Bc4 Rf8 58. Rd1 Rd6 59. Rxd6 cxd6 60. Bd5 f5 61. exf5 Rxf5 62. Re1 Qf4 63. Qxf4 Rxf4 64. g3 Rf2 65. Kg1 Rd2 66. c4 b5 67. Ra1 bxc4 68. Ra7+ Kh6 69. Bg8 g5 70. Rh7+ Kg6 71. g4 gxh4 72. gxh5+ Kg5 73. Bxc4 h3 0-1

[Event "Philadelphia int."]
[Site "Philadelphia USA"]
[Date "2022.06.27"]
[Round "6"]
[White "Rogers, Norman"]
[Black "Zhang, Yuanchen"]
[Result "0-1"]
[WhiteElo "2138"]
[BlackElo "2370"]
[PlyCount "90"]
[GameId "2130307574533327"]
[EventDate "2022.06.24"]
[EventType "swiss"]
[EventRounds "9"]
[EventCountry "USA"]
[SourceTitle "10 Days #692"]
[Source "ChessMix"]
[SourceDate "2022.07.10"]
[SourceVersion "1"]
[SourceVersionDate "2022.07.10"]
[SourceQuality "1"]

1. e4 e5 2. Nf3 Nc6 3. Bc4 Bc5 4. d3 Nf6 5. c3 d6 6. O-O O-O 7. a4 a5 8. Nbd2 h6 9. Re1 Be6 10. h3 Re8 11. Bxe6 Rxe6 12. Nf1 d5 13. Qb3 d4 14. Ng3 dxc3 15. bxc3 Qxd3 16. Be3 Bxe3 17. Rxe3 Qa6 18. Rb1 b6 19. Nf5 Rd8 20. N3h4 Nh5 21. Qa2 Kh7 22. Rb5 Nf4 23. Kh2 g6 24. Ng3 Qc8 25. Qc4 Qd7 26. Nf1 Na7 27. Rb2 Rc6 28. Qa2 Qe6 29. Qa1 Rcd6 30. Rb1 Nc6 31. Nf3 Nd3 32. Re2 Nc5 33. Ng3 Qc4 34. Qa2 Qxa2 35. Rxa2 Rd1 36. Rbb2 R8d3 37. Rc2 f6 38. h4 h5 39. Ng1 Nd8 40. N1e2 Nf7 41. Nh1 Nd6 42. f3 Rf1 43. Nhg3 Rb1 44. Nc1 Rd1 45. Nge2 Nc4 0-1

[Event "Philadelphia int."]
[Site "Philadelphia USA"]
[Date "2022.06.28"]
[Round "9"]
[White "Zhang, Yuanchen"]
[Black "Chiu, Isaac"]
[Result "1/2-1/2"]
[WhiteElo "2370"]
[BlackElo "2245"]
[PlyCount "115"]
[GameId "2130307574537468"]
[EventDate "2022.06.24"]
[EventType "swiss"]
[EventRounds "9"]
[EventCountry "USA"]
[SourceTitle "10 Days #692"]
[Source "ChessMix"]
[SourceDate "2022.07.10"]
[SourceVersion "1"]
[SourceVersionDate "2022.07.10"]
[SourceQuality "1"]

1. d4 Nf6 2. c4 g6 3. Nc3 Bg7 4. e4 d6 5. f3 O-O 6. Be3 c5 7. Nge2 Nc6 8. d5 Ne5 9. Ng3 e6 10. Be2 exd5 11. cxd5 b5 12. Nxb5 Rb8 13. Qd2 h5 14. O-O h4 15. Nh1 h3 16. g3 Nxf3+ 17. Rxf3 Nxe4 18. Qc2 Qe8 19. Nf2 Nxf2 20. Bxf2 Rxb5 21. Bxb5 Qxb5 22. Qb3 Qa6 23. Re1 Bb7 24. Re7 Ba8 25. Rf4 Be5 26. Re4 Qc8 27. g4 Re8 28. Rxe8+ Qxe8 29. Re3 Qc8 30. Qc4 Bxb2 31. Rxh3 Be5 32. Rb3 Bb7 33. Ra3 Qa8 34. Rd3 a5 35. Rd1 Ba6 36. Qe4 Qc8 37. Bg3 Bd4+ 38. Kg2 Bc4 39. Kh3 Qa8 40. Re1 Kh7 41. Bxd6 Bxd5 42. Qf4 Bxa2 43. Be5 Qd8 44. g5 Be6+ 45. Kg3 Bxe5 46. Rxe5 c4 47. Re3 a4 48. Qe5 Qd1 49. Re4 Qg1+ 50. Kf3 Qf1+ 51. Ke3 Qh3+ 52. Qg3 Qxg3+ 53. hxg3 a3 54. Re5 a2 55. Ra5 c3 56. Kd3 Kg7 57. Kxc3 Kf8 58. Ra7 1/2-1/2

[Event "Washington int."]
[Site "Rockville USA"]
[Date "2019.07.27"]
[Round "1.5"]
[White "Brodsky, David"]
[Black "Zhang, Yuanchen"]
[Result "1/2-1/2"]
[WhiteElo "2432"]
[BlackElo "2261"]
[PlyCount "118"]
[GameId "2130307606173062"]
[EventDate "2019.07.27"]
[EventType "swiss"]
[EventRounds "9"]
[EventCountry "USA"]
[SourceTitle "10 Days #587"]
[Source "ChessMix"]
[SourceDate "2019.08.10"]
[SourceVersion "1"]
[SourceVersionDate "2019.08.10"]
[SourceQuality "1"]

1. e4 e5 2. Nf3 Nc6 3. Bb5 a6 4. Ba4 Nf6 5. d3 d6 6. c3 g6 7. O-O Bg7 8. h3 O-O 9. Be3 b5 10. Bc2 Bb7 11. Nbd2 Nb8 12. b4 Nbd7 13. Nb3 Rc8 14. a4 c5 15. axb5 axb5 16. bxc5 dxc5 17. Qb1 Qc7 18. Nbd2 Bc6 19. d4 exd4 20. cxd4 Nh5 21. Ra2 cxd4 22. Nxd4 Nf4 23. Bxf4 Qxf4 24. Nxc6 Rxc6 25. Qxb5 Rfc8 26. Bb3 Ne5 27. g3 Qg5 28. Kg2 Rc3 29. Bd5 h5 30. h4 Qe7 31. Qb6 Kh7 32. Ra7 R8c7 33. Rxc7 Qxc7 34. Qxc7 Rxc7 35. Nf3 Nxf3 36. Kxf3 Be5 37. Ke3 Rc3+ 38. Kd2 Bd4 39. f3 Kg7 40. g4 hxg4 41. fxg4 f6 42. h5 Rh3 43. hxg6 Kxg6 44. Be6 Rg3 45. Bf5+ Kg5 46. Bd7 Kg6 47. Rh1 Be5 48. Rh5 Rg2+ 49. Kd3 Rh2 50. Rf5 Rg2 51. Rf1 Rb2 52. Bf5+ Kg5 53. Kc4 Rd2 54. Kc5 Bf4 55. Kc4 Be5 56. Rh1 Kf4 57. Rh5 Rd8 58. Kc5 Bd4+ 59. Kc6 Be5 1/2-1/2

[Event "Continental op"]
[Site "Sturbridge MA"]
[Date "2018.08.16"]
[Round "2.8"]
[White "Wu, Brandon"]
[Black "Zhang, Yuanchen"]
[Result "1-0"]
[WhiteElo "1980"]
[BlackElo "2281"]
[PlyCount "163"]
[GameId "2129404764873824"]
[EventDate "2018.08.16"]
[EventType "swiss"]
[EventRounds "9"]
[EventCountry "USA"]
[SourceTitle "10 Days #553"]
[Source "ChessMix"]
[SourceDate "2018.09.01"]
[SourceVersion "1"]
[SourceVersionDate "2018.09.01"]
[SourceQuality "1"]
[TimeControl "6000+10"]
[WhiteClock "0:07:18"]
[BlackClock "0:00:04"]

1. Nf3 {[%emt 0:00:10]} Nf6 {[%emt 0:00:36]} 2. c4 {[%emt 0:00:17]} e6 {[%emt 0:00:30]} 3. g3 {[%emt 0:00:15]} b6 {[%emt 0:01:40]} 4. Bg2 {[%emt 0:00:26]} Bb7 {[%emt 0:00:29]} 5. O-O {[%emt 0:00:22]} c5 {[%emt 0:00:41]} 6. Nc3 {[%emt 0:00:11]} Be7 {[%emt 0:00:26]} 7. Re1 {[%emt 0:01:39]} d6 {[%emt 0:01:15]} 8. e4 {[%emt 0:03:48]} a6 {[%emt 0:05:47]} 9. d4 {[%emt 0:00:57]} cxd4 {[%emt 0:00:29]} 10. Nxd4 {[%emt 0:00:33]} Qc7 {[%emt 0:01:26]} 11. Qe2 {[%emt 0:04:48]} O-O {[%emt 0:12:29]} 12. Be3 {[%emt 0:02:11]} Nbd7 {[%emt 0:06:41]} 13. f4 {[%emt 0:10:14]} Rac8 {[%emt 0:04:46]} 14. Rac1 {[%emt 0:02:47]} Rfd8 {[%emt 0:05:39]} 15. b3 {[%emt 0:02:09]} Bf8 {[%emt 0:09:13]} 16. Bf2 {[%emt 0:04:27]} g6 {[%emt 0:13:58]} 17. f5 {[%emt 0:11:17]} exf5 {[%emt 0:03:04]} 18. exf5 {[%emt 0:03:28]} Bxg2 {[%emt 0:02:19]} 19. Kxg2 {[%emt 0:00:30]} Re8 {[%emt 0:02:24]} 20. Qd2 {[%emt 0:00:11]} Qb7+ {[%emt 0:01:31]} 21. Kg1 {[%emt 0:06:17]} Ne5 {[%emt 0:04:46]} 22. h3 {[%emt 0:03:16]} Bg7 {[%emt 0:08:34]} 23. fxg6 {[%emt 0:03:21]} hxg6 {[%emt 0:00:21]} 24. Rcd1 {[%emt 0:00:44]} d5 {[%emt 0:04:13]} 25. cxd5 {[%emt 0:01:29]} Nxd5 {[%emt 0:01:48]} 26. Nxd5 {[%emt 0:01:09]} Qxd5 {[%emt 0:00:16]} 27. Be3 {[%emt 0:01:39]} Rcd8 {[%emt 0:07:58]} 28. Qg2 {[%emt 0:02:07]} Rd7 {[%emt 0:00:00]} 29. Qxd5 {[%emt 0:05:22]} Rxd5 {[%emt 0:00:00]} 30. Kf2 {[%emt 0:02:23]} Red8 {[%emt 0:00:00]} 31. Ke2 {[%emt 0:00:11]} Bf8 {[%emt 0:01:03]} 32. Nc2 {[%emt 0:00:33]} Nd3 {[%emt 0:00:00]} 33. Bxb6 {[%emt 0:00:11]} Rc8 {[%emt 0:00:00]} 34. Ne3 {[%emt 0:00:11]} Rb5 {[%emt 0:00:51]} 35. Rxd3 {[%emt 0:00:11]} Rxb6 {[%emt 0:00:10]} 36. Nc4 {[%emt 0:00:11]} Re8+ {[%emt 0:00:30]} 37. Kd1 {[%emt 0:00:12]} Rxe1+ {[%emt 0:00:00]} 38. Kxe1 {[%emt 0:00:10]} Rb5 {[%emt 0:00:05]} 39. Kf2 {[%emt 0:00:11]} Rf5+ {[%emt 0:00:18]} 40. Rf3 {[%emt 0:00:37]} Rd5 {[%emt 0:00:28]} 41. Rf6 {[%emt 0:01:27]} a5 {[%emt 0:00:00]} 42. Ra6 {[%emt 0:03:50]} Bb4 {[%emt 0:00:00]} 43. Ke2 {[%emt 0:01:45]} Kg7 {[%emt 0:00:00]} 44. Rc6 {[%emt 0:00:11]} Kg8 {[%emt 0:00:00]} 45. a3 {[%emt 0:04:45]} Bf8 {[%emt 0:00:10]} 46. Rb6 {[%emt 0:00:11]} Rd4 {[%emt 0:00:00]} 47. Ra6 {[%emt 0:01:51]} Re4+ {[%emt 0:00:00]} 48. Kd3 {[%emt 0:01:13]} Re1 {[%emt 0:00:00]} 49. Rxa5 {[%emt 0:00:11]} Rg1 {[%emt 0:00:10]} 50. Rg5 {[%emt 0:00:11]} Bh6 {[%emt 0:00:19]} 51. Rg4 {[%emt 0:00:19]} Kh7 {[%emt 0:00:00]} 52. Ke2 {[%emt 0:00:11]} f5 {[%emt 0:00:00]} 53. Rd4 {[%emt 0:00:25]} Rxg3 {[%emt 0:00:00]} 54. Rd3 {[%emt 0:00:23]} Rg2+ {[%emt 0:00:00]} 55. Kf3 {[%emt 0:00:51]} Rh2 {[%emt 0:00:04]} 56. Kg3 {[%emt 0:00:26]} Rc2 {[%emt 0:00:38]} 57. a4 {[%emt 0:00:10]} f4+ {[%emt 0:01:02]} 58. Kf3 {[%emt 0:00:10]} Rh2 {[%emt 0:00:21]} 59. Ke4 {[%emt 0:00:56]} Re2+ {[%emt 0:00:28]} 60. Kd5 {[%emt 0:00:58]} Rf2 {[%emt 0:00:00]} 61. a5 {[%emt 0:00:11]} Rf1 {[%emt 0:00:00]} 62. Ke4 {[%emt 0:00:10]} Re1+ {[%emt 0:00:00]} 63. Kf3 {[%emt 0:00:16]} Rf1+ {[%emt 0:00:31]} 64. Kg2 {[%emt 0:00:42]} Ra1 {[%emt 0:00:23]} 65. b4 {[%emt 0:00:10]} Ra4 {[%emt 0:00:00]} 66. Rb3 {[%emt 0:00:11]} Bf8 {[%emt 0:00:00]} 67. Nb6 {[%emt 0:00:27]} Ra2+ {[%emt 0:00:00]} 68. Kf3 {[%emt 0:00:11]} g5 {[%emt 0:00:16]} 69. Nd7 {[%emt 0:00:19]} Bxb4 {[%emt 0:00:00]} 70. Rxb4 {[%emt 0:00:10]} Rxa5 {[%emt 0:00:00]} 71. Rb6 {[%emt 0:00:11]} Ra3+ {[%emt 0:00:00]} 72. Kg4 {[%emt 0:00:10]} f3 {[%emt 0:00:00]} 73. Nf6+ {[%emt 0:00:11]} Kg7 {[%emt 0:00:05]} 74. Ne4 {[%emt 0:00:11]} Ra4 {[%emt 0:00:10]} 75. Kxf3 {[%emt 0:00:10]} Ra3+ {[%emt 0:00:12]} 76. Kg4 {[%emt 0:00:10]} Ra4 {[%emt 0:00:10]} 77. Re6 {[%emt 0:00:11]} Kf7 {[%emt 0:00:57]} 78. Re5 {[%emt 0:00:10]} Rb4 {[%emt 0:00:25]} 79. Kxg5 {[%emt 0:00:11]} Rb1 {[%emt 0:00:10]} 80. h4 {[%emt 0:00:11]} Rg1+ {[%emt 0:00:11]} 81. Kh5 {[%emt 0:00:10]} Kg7 {[%emt 0:00:10]} 82. Rg5+ {[%emt 0:00:10]} 1-0

[Event "Continental op"]
[Site "Sturbridge MA"]
[Date "2018.08.17"]
[Round "3.7"]
[White "Zhang, Yuanchen"]
[Black "Song, Alan"]
[Result "1-0"]
[WhiteElo "2281"]
[BlackElo "2043"]
[PlyCount "83"]
[GameId "2130307616925441"]
[EventDate "2018.08.16"]
[EventType "swiss"]
[EventRounds "9"]
[EventCountry "USA"]
[SourceTitle "10 Days #553"]
[Source "ChessMix"]
[SourceDate "2018.09.01"]
[SourceVersion "1"]
[SourceVersionDate "2018.09.01"]
[SourceQuality "1"]

1. d4 Nf6 2. c4 e6 3. Nc3 Bb4 4. e3 O-O 5. Bd3 d5 6. a3 dxc4 7. Bxc4 Bd6 8. Nf3 Nbd7 9. e4 e5 10. Bg5 c6 11. O-O Qc7 12. h3 h6 13. Be3 exd4 14. Nxd4 Re8 15. Nf5 Bf8 16. Qc2 Nc5 17. Ng3 Qe7 18. Rfe1 Be6 19. Bxe6 Qxe6 20. b4 Ncd7 21. f4 Qc4 22. Rad1 Nb6 23. Rd4 Qe6 24. e5 Nfd5 25. Bf2 Nxc3 26. f5 Qc8 27. Qxc3 c5 28. Rg4 cxb4 29. Qf3 Qc3 30. axb4 Qxf3 31. gxf3 Nd7 32. f4 Bxb4 33. Rd1 Nf8 34. Nh5 g6 35. Nf6+ Kg7 36. Nxe8+ Rxe8 37. Bxa7 Bc3 38. Rg3 Ba5 39. Bc5 Nh7 40. fxg6 fxg6 41. Rd7+ Kh8 42. Rxg6 1-0

[Event "Continental op"]
[Site "Sturbridge MA"]
[Date "2018.08.18"]
[Round "5.2"]
[White "Zhang, Yuanchen"]
[Black "Matsenko, Sergei"]
[Result "0-1"]
[WhiteElo "2281"]
[BlackElo "2533"]
[PlyCount "118"]
[GameId "2129404764873847"]
[EventDate "2018.08.16"]
[EventType "swiss"]
[EventRounds "9"]
[EventCountry "USA"]
[SourceTitle "10 Days #553"]
[Source "ChessMix"]
[SourceDate "2018.09.01"]
[SourceVersion "1"]
[SourceVersionDate "2018.09.01"]
[SourceQuality "1"]
[TimeControl "6000+10"]
[WhiteClock "0:02:36"]
[BlackClock "0:03:52"]

1. d4 {[%emt 0:00:10]} Nf6 {[%emt 0:03:12]} 2. c4 {[%emt 0:00:10]} e6 {[%emt 0:00:10]} 3. Nc3 {[%emt 0:00:11]} Bb4 {[%emt 0:00:28]} 4. e3 {[%emt 0:00:13]} O-O {[%emt 0:00:17]} 5. Nge2 {[%emt 0:00:10]} d5 {[%emt 0:00:56]} 6. a3 {[%emt 0:00:11]} Bd6 {[%emt 0:01:57]} 7. Ng3 {[%emt 0:00:57]} c5 {[%emt 0:01:05]} 8. dxc5 {[%emt 0:00:19]} Bxc5 {[%emt 0:00:10]} 9. b4 {[%emt 0:00:41]} Be7 {[%emt 0:00:10]} 10. cxd5 {[%emt 0:00:21]} exd5 {[%emt 0:00:11]} 11. Bd3 {[%emt 0:00:10]} Nc6 {[%emt 0:01:05]} 12. Nce2 {[%emt 0:01:20]} a5 {[%emt 0:07:45]} 13. b5 {[%emt 0:00:10]} Ne5 {[%emt 0:00:10]} 14. Bb2 {[%emt 0:00:43]} Nc4 {[%emt 0:05:01]} 15. Bc3 {[%emt 0:01:00]} a4 {[%emt 0:08:34]} 16. Nf4 {[%emt 0:10:20]} Bg4 {[%emt 0:04:01]} 17. Be2 {[%emt 0:15:27]} Bxe2 {[%emt 0:02:04]} 18. Qxe2 {[%emt 0:00:27]} d4 {[%emt 0:20:54]} 19. Qxc4 {[%emt 0:19:31]} dxc3 {[%emt 0:00:24]} 20. Qxc3 {[%emt 0:12:55]} Nd5 {[%emt 0:02:13]} 21. Qd2 {[%emt 0:07:25]} Nxf4 {[%emt 0:16:32]} 22. exf4 {[%emt 0:00:29]} Bf6 {[%emt 0:00:12]} 23. Ra2 {[%emt 0:02:28]} Re8+ {[%emt 0:00:54]} 24. Ne2 {[%emt 0:00:33]} Qxd2+ {[%emt 0:00:13]} 25. Kxd2 {[%emt 0:00:10]} Rad8+ {[%emt 0:00:10]} 26. Kc1 {[%emt 0:00:12]} Rd5 {[%emt 0:00:10]} 27. b6 {[%emt 0:04:48]} Rd6 {[%emt 0:01:25]} 28. Rd1 {[%emt 0:03:24]} Rc6+ {[%emt 0:01:39]} 29. Kd2 {[%emt 0:00:27]} Rd6+ {[%emt 0:00:10]} 30. Kc1 {[%emt 0:00:35]} Rc6+ {[%emt 0:00:10]} 31. Kd2 {[%emt 0:00:10]} Rxb6 {[%emt 0:00:10]} 32. Rc1 {[%emt 0:04:22]} h5 {[%emt 0:06:13]} 33. Rc4 {[%emt 0:03:22]} Rd6+ {[%emt 0:01:20]} 34. Kc1 {[%emt 0:00:45]} b5 {[%emt 0:04:27]} 35. Rc5 {[%emt 0:01:12]} h4 {[%emt 0:06:26]} 36. Rd2 {[%emt 0:02:58]} Rde6 {[%emt 0:00:10]} 37. Nc3 {[%emt 0:02:26]} Re1+ {[%emt 0:00:42]} 38. Kc2 {[%emt 0:00:10]} Rh1 {[%emt 0:00:59]} 39. h3 {[%emt 0:00:46]} Rg1 {[%emt 0:03:33]} 40. f3 {[%emt 0:00:53]} Ra1 {[%emt 0:00:22]} 41. Nxb5 {[%emt 0:02:04]} Ree1 {[%emt 0:00:00]} 42. Kd3 {[%emt 0:00:00]} Kh7 {[%emt 0:00:00]} 43. Rd5 {[%emt 0:00:00]} Kg6 {[%emt 0:00:00]} 44. Rc2 {[%emt 0:00:00]} Rab1 {[%emt 0:00:00]} 45. Kc4 {[%emt 0:00:00]} Rec1 {[%emt 0:00:00]} 46. Rxc1 {[%emt 0:00:00]} Rxc1+ {[%emt 0:00:00]} 47. Kb4 {[%emt 0:00:00]} Rc2 {[%emt 0:00:00]} 48. Kxa4 {[%emt 0:00:00]} Rxg2 {[%emt 0:00:00]} 49. Kb4 {[%emt 0:00:00]} Rh2 {[%emt 0:00:00]} 50. a4 {[%emt 0:00:00]} Rxh3 {[%emt 0:00:00]} 51. a5 {[%emt 0:00:00]} Rh1 {[%emt 0:00:00]} 52. Kc5 {[%emt 0:00:00]} h3 {[%emt 0:00:00]} 53. Kb6 {[%emt 0:00:00]} h2 {[%emt 0:00:00]} 54. Rd2 {[%emt 0:00:00]} Bd4+ {[%emt 0:00:00]} 55. Ka6 {[%emt 0:00:00]} Be3 {[%emt 0:00:00]} 56. Rg2+ {[%emt 0:00:00]} Kf5 {[%emt 0:00:00]} 57. Nd6+ {[%emt 0:00:51]} Ke6 {[%emt 0:00:00]} 58. Ne4 {[%emt 0:00:58]} Bxf4 {[%emt 0:00:00]} 59. Nf2 {[%emt 0:00:20]} Rg1 0-1

[Event "Continental op"]
[Site "Sturbridge MA"]
[Date "2018.08.18"]
[Round "6.5"]
[White "Isakov, Michael"]
[Black "Zhang, Yuanchen"]
[Result "1/2-1/2"]
[WhiteElo "2163"]
[BlackElo "2281"]
[PlyCount "51"]
[GameId "2130307616925472"]
[EventDate "2018.08.16"]
[EventType "swiss"]
[EventRounds "9"]
[EventCountry "USA"]
[SourceTitle "10 Days #553"]
[Source "ChessMix"]
[SourceDate "2018.09.01"]
[SourceVersion "1"]
[SourceVersionDate "2018.09.01"]
[SourceQuality "1"]

1. d4 Nf6 2. Nf3 e6 3. c4 Bb4+ 4. Nbd2 b6 5. e3 Bb7 6. Be2 O-O 7. O-O d5 8. b3 Nbd7 9. Bb2 Ne4 10. cxd5 exd5 11. Nxe4 dxe4 12. Ne5 Bd6 13. Nc4 Nf6 14. Nxd6 cxd6 15. Rc1 Qd7 16. Qd2 a5 17. Rc2 Nd5 18. Rfc1 h6 19. a4 Rfc8 20. Bb5 Qe6 21. Ba3 Rxc2 22. Rxc2 f5 23. Bc4 Kh8 24. Qe2 Rc8 25. h3 Kh7 26. Bxd5 1/2-1/2